书目信息 |
| 题名: |
青年男子头像
|
|
| 作者: | 张五力 著 | |
| 分册: | ||
| 出版信息: | 合肥 安徽美术出版社 2000.01 |
|
| 页数: | 6页 | |
| 开本: | 16开 | |
| 丛书名: | ||
| 单 册: | ||
| 中图分类: | J211.25 | |
| 科图分类: | ||
| 主题词: | 绘画--技法(美术) | |
| 电子资源: | ||
| ISBN: | ||
| 000 | 00533nam0 2200193 45 | |
| 001 | 0010230922 | |
| 005 | 20001024081330.4 | |
| 010 | @d3.00元 | |
| 100 | @a20001023d2000 km y0chiy0120 ea | |
| 101 | 0 | @achi |
| 105 | @a z 000yy | |
| 200 | 1 | @a青年男子头像@AQing Nian Nan Zi Tou Xiang@f张五力著@FZhang Wu Li Zhu |
| 210 | @a合肥@c安徽美术出版社@d2000.01 | |
| 215 | @a6页@d16开 | |
| 606 | 0 | @a绘画@x技法(美术) |
| 690 | @aJ211.25@v3 | |
| 701 | 0 | @a张五力@4著 |
| 801 | @aCN@bPftUser@c20001023 | |
| 905 | @b183376-380@dJ211.25@eZH463@f5 | |
| 青年男子头像/张五力著.-合肥:安徽美术出版社,2000.01 |
| 6页;16开 |
| ISBN :3.00元 |
| ● |
| 相关链接 |
|
|
|
正题名:青年男子头像
索取号:J211.25/ZH463
 
预约/预借
| 序号 | 登录号 | 条形码 | 馆藏地/架位号 | 状态 | 备注 |
| 1 | 183376 | 201833766 | 社科库309/ [索取号:J211.25/ZH463] | 在馆 | |
| 2 | 183377 | 201833775 | 社科库309/ [索取号:J211.25/ZH463] | 在馆 | |
| 3 | 183378 | 201833784 | 社科库309/ [索取号:J211.25/ZH463] | 在馆 | |
| 4 | 183379 | 201833793 | 自科二线404/309社科库 68排2列4层/ [索取号:J211.25/ZH463] | 在馆 | |
| 5 | 183380 | 201833800 | 社科库309/ [索取号:J211.25/ZH463] | 在馆 |